000 01133nam a22002657a 4500
001 6377
003 FISKH
005 20250425122003.0
008 250425b cb ||||| |||| 00| 0 eng d
020 _a9781741798470
040 _aFISKH
_beng
_cFISKH
_dFISKH
050 _aDS591.5
082 _a915.95
100 _aRichmon, Simon
245 _aMalaysia Singapore & Brunei /
_cBy Simon Richmon, Celeste Brash, Adam Karlin , Shawn Low and Brandon Presser
250 _aFirst published , May 1982
260 _aFort Mill :
_bLonely Planet ,
_c2011.
300 _a636 pages :
_bcolor illustrations, maps ;
_c20 cm .
490 _aLonely Planet
520 _aLonely Planet's Malaysia, Singapore & Brunei is your passport to the most relevant, up-to-date advice on what to see and skip, and what hidden discoveries await you. Get to the heart of this region's cultural melting pot, all with your trusted travel companion. Get to the heart of Malaysia, Singapore & Brunei and begin your journey now!
650 _aLovely Planet
_vNon-fiction
700 _aBrash, Celeste
_eIllustrator
942 _2ddc
_cBK
_n0
999 _c6377
_d6377